000
00276nam a2200121Ia 4500
008
221030s9999 xx 000 0 und d
041
_a
English
100
_a
P. L. Ballaney
245
0
_a
Applied Thermodynamics
_c
by P. L. Ballaney
260
_c
0
650
_a
B
942
_c
BK
999
_c
13912
_d
13912